00754nam a2200253 a 4500001001300000003000900013005001700022008004100039020000900080082001300089100003000102245005200132260003300184300000900217500003500226505001000261650002500271650003000296700003000326902000800356942000700364952011200371999001700483nice12345678IN_TiNIC20260116013345.0050524s1996 dela grp 000 0 eng  ac6000a291bNAD aNadvi, Syed Muzaffaruddin aComparative Study of Islam and Other Religions. aDelhibAdam Publishersc1996 a107p aincludes index and biblioraphy2 aindex aComparative Religion aIslam and Other Religions1 aNadvi, Syed Muzaffaruddin bSRS cBK 001040708StackRoom-aHMIbHMId2007-07-20g60.00l0o291 NADp017959r2007-07-20v60.00w2005-05-24yBK c10691d10691